Регионална библиотека "Любен Каравелов" - Русе

Голяма картинна динопедия (Запис номер 109778)

MARC детайли
000 -Лидер
Контролно поле с фиксирана дължина 01594nam a2200385 c 4500
003 - Код на организацията, давaща контролен номер
Контролно поле BLK
005 - Дата и час на последна редакция
Контролно поле 20180422105928.0
008 - Елементи от данни с фиксирана дължина
fixed length control field 180409b bul|||||r ||||||| ||bul||
010 ## - Наследен системен номер
LC control number KNG00115099000
020 ## - Международен стандартен номер на книга ISBN
Международен стандартен номер на книга ISBN 978-954-27-0496-6
-- издат.: Егмонт България
040 ## - Източник на каталожния запис
Идентификатор на билиотеката - собственик на записа BLK
041 ## - Код за език
Код за езика на текст/звукозапис или на отделно заглавие Български
Код за езика КДБФ Български
072 #7 - Код за тематичната категория
Код организация bullib
Код за тематична категория Н86
Текст Детска отраслова литература Н
080 ## - УДК
Текстов определител УДК Динозаври
УДК код - определител по УДК 568.1
УДК определител :087.5(031)
УДК - код + определител 568.1:087.5(031)
100 1# - Редна дума - Автор
Автор Лесъм, Дон
Авторска отговорност първи автор
R(LIN) 88548
139 ## - Редно поле
Редна дума Лесъм, Дон
Авторски знак Леск - Л 50
245 10 - Сведения за заглавието
Заглавие Голяма картинна динопедия
Подзаглавни данни Най-пълната сб. от динозаври
Редно поле (дума) Дон Лесъм; ил. Франко Темпеста; прев. Сирма Асенова Зидарова.
257 ## - Страна на издаване
Страна на създаване/издаване Съединени американски щати
260 ## - Област на издателските данни
-- София
Име на издателя, разпространителя и проч. Егмонт България
Година на издаване 2010
Печатница Отпеч. в Китай
300 ## - Физическа характеристика
Страници 272 с.
Илюстрации и др. с цв. ил., к.
Размери/Мащаб 28 см
380 ## - Жанр
Жанр Детска отраслова лит.
500 ## - Общи забележки
Забележка Без сведение за ориг. загл. - Изд. на National Geographic. - Тематичен показалец.
650 #4 - Допълнително описание по предмет – тема
Основно описание – тема или топоним Динозаври
9 (RLIN) 153483
653 ## - Ключова дума – ненормативна
Ключова дума динозаври
653 ## - Ключова дума – ненормативна
Ключова дума детска литература
653 ## - Ключова дума – ненормативна
Ключова дума енциклопедии
659 ## - Тематичен бюлетин
Тематичен бюлетин Н
700 1# - Други автори (авторска отговорност)
Лично име Темпеста, Франко
Автороска отговорност (Описва отношението между автора и произведението) ил.
9 (RLIN) 128286
700 1# - Други автори (авторска отговорност)
Лично име Зидарова, Сирма Асенова
Автороска отговорност (Описва отношението между автора и произведението) прев.
9 (RLIN) 374713
852 ## - Местоположение
Форматна сигнатура Цб ІІ 17284
856 4# - Електронен адрес и достъп
Електронен формат pdf - файл
Път до файла /url/
856 4# - Електронен адрес и достъп
Електронен формат pdf - файл
Път до файла /url/
942 ## - АРТИКУЛИ
Вид на библиотечния материал Книги
Скрит в OPAC Не
944 ## - СЪЗДАВАНЕ И РЕДАКЦИЯ на ЗАПИСА
Създаване/Редакция Създаване
Дата на регистрацията/редакция 08.06.2012
Служител, извършил регистрацията/редакцията Милена_Ачева
944 ## - СЪЗДАВАНЕ И РЕДАКЦИЯ на ЗАПИСА
Създаване/Редакция Редакция
Дата на регистрацията/редакция 19.10.2012
Служител, извършил регистрацията/редакцията
999 ## - СИСТЕМНИ КОНТРОЛНИ НОМЕРА
Koha biblionumber 109778
Koha biblioitemnumber 109778
Наличности
Код за отписване Код за изгубен артикул Код за повреда Коз за рестрикции Код за отдаване Артикулен № Име на библиотеката - собственик Име на библиотеката, в която се намира в момента Статус (Текущо местоположение) Дата на вписване в системата Местоположение - отдел Цена в лева Инвентарен номер Систематично азбучна сигнатура Баркод Номер на екземпляра Цена в евро Служебна бележка Служебен тип на артикула
  Не е изгубен Не е повреден без рестрикции ползва се в читалня 176900 Регионална библиотека "Любен Каравелов" Русе Регионална библиотека "Любен Каравелов" Русе Хранилище 2012-06-08 Хранилище 39.00 120000758165 Цб ІІ 17284 120000758165 1 19.94 Дост: Dp Вид: Д N: 20 Дата: 17.05.2011 Книги
Vip Innovations Ltd, Rousse, Bulgaria 2025